Catwoman's classroom of claws / (Record no. 2353)

MARC details
000 -LEADER
fixed length control field 01352cam a2200337 a 4500
001 - CONTROL NUMBER
control field 2353
003 - CONTROL NUMBER IDENTIFIER
control field FISKH
005 - DATE AND TIME OF LATEST TRANSACTION
control field 20250826094051.0
008 - FIXED-LENGTH DATA ELEMENTS--GENERAL INFORMATION
fixed length control field 090220s2010 mnua j 000 1 eng
010 ## - LIBRARY OF CONGRESS CONTROL NUMBER
LC control number 2009006293
020 ## - INTERNATIONAL STANDARD BOOK NUMBER
International Standard Book Number 9781434215659 (lib. bdg.)
020 ## - INTERNATIONAL STANDARD BOOK NUMBER
International Standard Book Number 9781434217325 (pbk.)
040 ## - CATALOGING SOURCE
Original cataloging agency DLC
Transcribing agency DLC
Modifying agency DLC
Language of cataloging eng
042 ## - AUTHENTICATION CODE
Authentication code lcac
050 00 - LIBRARY OF CONGRESS CALL NUMBER
Classification number PZ7.S6982
Item number Cat 2010
082 00 - DEWEY DECIMAL CLASSIFICATION NUMBER
Classification number [Fic]
Edition number 22
100 1# - MAIN ENTRY--PERSONAL NAME
Personal name Sonneborn, Scott.
245 10 - TITLE STATEMENT
Title Catwoman's classroom of claws /
Statement of responsibility, etc. written by Scott Sonneborn ; illustrated by Dan Schoening.
260 ## - PUBLICATION, DISTRIBUTION, ETC.
Place of publication, distribution, etc. Minnesota :
Name of publisher, distributor, etc. Stone Arch Books,
Date of publication, distribution, etc. 2013.
300 ## - PHYSICAL DESCRIPTION
Extent 48 pages :
Other physical details color illustrations ;
Dimensions 20 cm
490 0# - SERIES STATEMENT
Series statement DC super heroes. Batman
500 ## - GENERAL NOTE
General note "Batman created by Bob Kane."
505 ## - FORMATTED CONTENTS NOTE
Formatted contents note O<br/>
520 ## - SUMMARY, ETC.
Summary, etc. "When Batman learns about a school for aspiring villains, he sends Robin to find out who's in charge. While undercover, the Boy Wonder discovers that the mysterious headmistress is none other than Catwoman! The Dynamic Duo must find a way to take down this feline felon before her students graduate to full-time crooks"--Unedited summary from book.
521 1# - TARGET AUDIENCE NOTE
Target audience note 640<br/>
Source Lexile<br/>
521 0# - TARGET AUDIENCE NOTE
Target audience note O<br/>
Source Raz-Plus<br/>
650 #1 - SUBJECT ADDED ENTRY--TOPICAL TERM
Topical term or geographic name entry element Superheroes
Form subdivision Fiction.
700 1# - ADDED ENTRY--PERSONAL NAME
Personal name Schoening, Dan,
Relator term illustrator
906 ## - LOCAL DATA ELEMENT F, LDF (RLIN)
a 7
b cbc
c orignew
d 1
e ecip
f 20
g y-gencatlg
942 ## - ADDED ENTRY ELEMENTS (KOHA)
Source of classification or shelving scheme Dewey Decimal Classification
Koha item type Books
Suppress in OPAC No
Holdings
Withdrawn status Lost status Source of classification or shelving scheme Damaged status Not for loan Collection Home library Current library Shelving location Date acquired Total Checkouts Full call number Barcode Date last seen Price effective from Koha item type Copy number
    Dewey Decimal Classification     Juvenile Fiction Footprints International School Library Network Toul Kork Campus Footprints International School Library Network Toul Kork Campus TK Primary Library Room(4th Floor), Bookcase 3&4, Shelves 17-32, Yellow Books 11/20/2023   SON 741.5973 PZ7.S6982 FISTK00563 11/20/2023 11/20/2023 Books  
    Dewey Decimal Classification     Juvenile Fiction Footprints International School Library Network Toul Tom Poung Campus Footprints International School Library Network Toul Tom Poung Campus TTP Primary Yellow Bookshelves 08/26/2025   SON 741.5973 PZ7.S6982 FIS02787 08/26/2025 08/26/2025 Books 2